| 000 | 00579nam a2200217 a 4500 | ||
|---|---|---|---|
| 001 | BRCA_7240 | ||
| 005 | 20190320205750.0 | ||
| 008 | 240112s1908----gw-a######---#000-0#ger-# | ||
| 041 | _ager | ||
| 044 | _agw | ||
| 050 | 4 |
_aN8217 .E6 _b.F82 1908 |
|
| 100 | 1 |
_aFuchs, Eduard _d1870-1940 _917940 |
|
| 245 | 1 | 0 |
_aGeschichte der erotischen Kunst _cEduard Fuchs. |
| 260 |
_aMunchen _bA. Langen _c1908 |
||
| 300 |
_axxii, 412 p. _bil., 36 láminas _c28 cm. |
||
| 500 | _aP147 | ||
| 650 | 1 | 4 |
_aArte erótico _917941 |
| 650 | 1 | 4 |
_aArte _xHistoria _917942 |
| 902 | _aGFM | ||
| 942 |
_2lcc _cB |
||
| 999 |
_c6921 _d6921 |
||